| 000 | 00658nam a22001815i 4500 | ||
|---|---|---|---|
| 001 | 165346 | ||
| 003 | ES-MaACL | ||
| 005 | 20230906213123.0 | ||
| 008 | 050819s1880 sp | |||||||| ||spa d | ||
| 040 |
_aCAM _bspa _cCAM |
||
| 080 | _a821.134.2-14"18" | ||
| 100 | 1 |
_aSiles, José de _9132726 |
|
| 245 | 1 | 3 |
_aLa quimera _b: poema / _cJosé de Siles. |
| 260 |
_aMadrid : _b[s.n.], _c1880 ( _fImprenta y litografía de La Guirnalda) |
||
| 300 |
_a45 p. ; _c16 cm. |
||
| 852 |
_aES-MaACL _jT-720-F-2 _z-- Enc. hol. conservando la cub. original _z-- Dedic. ms. del autor a Gustavo Saenz Diez _z-- Enc. en un vol. facticio |
||
| 999 |
_c165346 _d165346 |
||